000
00208 a2200097 4500
001
5651
100
_a
Macfarlane,AGJ
245
_a
Engineering systems analysis
260
_a
_b
Harrap
_c
090
_c
4640
_d
4640
942
_a
NUST-CAE
_c
M
_c
30979
999
_c
240724
_d
240724